<?xml version="1.0" encoding="UTF-8"?>
<record
    xmlns:xsi="http://www.w3.org/2001/XMLSchema-instance"
    xsi:schemaLocation="http://www.loc.gov/MARC21/slim http://www.loc.gov/standards/marcxml/schema/MARC21slim.xsd"
    xmlns="http://www.loc.gov/MARC21/slim">

  <leader>00741cam a22002291  4500</leader>
  <controlfield tag="001">sa 66000883 </controlfield>
  <controlfield tag="003">DLC</controlfield>
  <controlfield tag="005">20260227112218.0</controlfield>
  <controlfield tag="008">850226m19629999ii            000 0 tamx </controlfield>
  <datafield tag="010" ind1=" " ind2=" ">
    <subfield code="a">sa 66000883 </subfield>
  </datafield>
  <datafield tag="035" ind1=" " ind2=" ">
    <subfield code="a">(OCoLC)13887733</subfield>
  </datafield>
  <datafield tag="040" ind1=" " ind2=" ">
    <subfield code="a">DLC</subfield>
    <subfield code="c">NN</subfield>
    <subfield code="d">DLC</subfield>
  </datafield>
  <datafield tag="042" ind1=" " ind2=" ">
    <subfield code="a">premarc</subfield>
  </datafield>
  <datafield tag="050" ind1="0" ind2="0">
    <subfield code="a">R127.2</subfield>
    <subfield code="b">.D45</subfield>
  </datafield>
  <datafield tag="100" ind1="0" ind2=" ">
    <subfield code="a">Dhanvantar&#x12B;.</subfield>
  </datafield>
  <datafield tag="245" ind1="1" ind2="0">
    <subfield code="a">Tanvantar&#x12B; vaityam.</subfield>
    <subfield code="b">S. Ve&#x1E45;ka&#x1E6D;ar&#x101;jan&#x332; avarka&#x1E37;&#x101;l patippikkappa&#x1E6D;&#x1E6D;atu.</subfield>
  </datafield>
  <datafield tag="260" ind1=" " ind2=" ">
    <subfield code="a">[Ta&#xF1;cav&#x16B;r] :</subfield>
    <subfield code="b">Ta&#xF1;c&#x101;v&#x16B;r Carap&#x14D;ji Sarasvatimah&#x101;l N&#x16B;lnilaya Nirv&#x101;kak Kul&#x332;uvin&#x332;arukk&#x101;kak Kaurava K&#x101;riyatarici S. K&#x14D;p&#x101;l&#x101;n,</subfield>
    <subfield code="c">1962-</subfield>
  </datafield>
  <datafield tag="300" ind1=" " ind2=" ">
    <subfield code="a">v.</subfield>
    <subfield code="c">24 cm.</subfield>
  </datafield>
  <datafield tag="500" ind1=" " ind2=" ">
    <subfield code="a">In Tamil.</subfield>
  </datafield>
  <datafield tag="650" ind1=" " ind2="0">
    <subfield code="a">Medicine, Ayurvedic.</subfield>
  </datafield>
  <datafield tag="700" ind1="1" ind2=" ">
    <subfield code="a">Ve&#x1E45;ka&#x1E6D;ar&#x101;jan&#x332;, S.</subfield>
    <subfield code="e">ed.</subfield>
  </datafield>
  <datafield tag="999" ind1=" " ind2=" ">
    <subfield code="c">67476</subfield>
    <subfield code="d">67476</subfield>
  </datafield>
</record>
